| 000 | 01081cab a2200301 4500 | ||
|---|---|---|---|
| 001 | ABS59659 | ||
| 008 | 090401t1998 xxu||||| |||| 00| 0 eng d | ||
| 035 | _a(Sirsi) u89689 | ||
| 041 | _aeng | ||
| 100 | _aMcIntyre, O. | ||
| 245 | 4 | _aThe concept of `causing` in environmental offences | |
| 260 | _c1998 | ||
| 350 | _a0 | ||
| 490 |
_aEnvironmental & Waste Management _v1(4) 1998, 215-219(5) |
||
| 520 | _aThe interpretation of the term `causes or knowingly permits` water pollution is discussed in the context of the House of Lords decision in the case of "Empress Car Co. (Abertillery) Ltd v National Rivers Authority". | ||
| 650 | _aALPHACELL LTD V WOODWARD | ||
| 650 | _aCAUSING | ||
| 650 | _aEMPRESS CAR CO (ABERTILLERY) LTD V NATIONAL RIVERS AUTHORITY | ||
| 650 | _aENVIRONMENT ACT 1995 | ||
| 650 |
_aEnvironment _96238 |
||
| 650 | _aIMPRESS (WORCESTER) V REES | ||
| 650 | _aKNOWINGLY PERMITTING | ||
| 650 | _aWATER POLLUTION | ||
| 650 | _aWATER RESOURCES ACT 1991 | ||
| 690 | _aENVIRONMENTAL AND LAND CONSULTANCY | ||
| 942 | _n0 | ||
| 948 | _c16/11/1998 | ||
| 999 |
_c56765 _d56765 |
||